Statistics for Countries Whose Closest Country is France

Click here to take the quiz!

General Stats

  • This quiz has been taken 3,617 times
  • The average score is 11 of 15

Answer Stats

Length/DistanceCountry% Correct
623 kmSpain
98%
451 kmGermany
96%
620 kmBelgium
95%
488 kmItaly
93%
573 kmSwitzerland
92%
57 kmAndorra
91%
73 kmLuxembourg
89%
4 kmMonaco
88%
673 kmBrazil
75%
510 kmSuriname
74%
34 kmSaint Lucia
43%
62 kmAntigua and Barbuda
40%
37 kmDominica
38%
299 kmMadagascar
31%
46 kmComoros
28%

Score Distribution

Percentile by Number Answered

Percent of People with Each Score

Your Score History

You have not taken this quiz